[Event "Fast Slavian"]
[Site "SchemingMind.com"]
[Date "2018.11.28"]
[Round "-"]
[White "The Stonewall"]
[Black "echecs"]
[Result "1-0"]
[WhiteCountry "ENG"]
[BlackCountry "ENG"]
[WhiteElo "2305"]
[WhiteRD "82"]
[BlackElo "1834"]
[BlackRD "61"]
[GameID "435206"]

1. d4 d5 2. c4 c6 3. Qc2 Nf6 4. Nf3 e6 5. g3 Be7 6. Bg2 O-O 7. O-O b6 8. Nbd2 Ba6 9. b3 Nbd7 10. e4 dxe4
11. Nxe4 Rc8 12. Rd1 h6 13. Bf4 Bb7 14. Nd6 Bxd6 15. Bxd6 Re8 16. Ne5 Ba8 17. Rac1 Nh7 18. h4 Ndf6 19. c5 Nd5 20. Nxf7 Kxf7
21. Qxh7 Qf6 22. Qe4 Kg8 23. Rd3 bxc5 24. dxc5 Qb2 25. Re1 Qxa2 26. Qg6 Nf6 27. Be5 Rf8 28. Rd7 Qxf2+ 29. Kh2
1-0

[Event "Fast Slavian"]
[Site "SchemingMind.com"]
[Date "2018.11.28"]
[Round "-"]
[White "The Stonewall"]
[Black "ray winteringham"]
[Result "1-0"]
[WhiteCountry "ENG"]
[BlackCountry "ENG"]
[WhiteElo "2305"]
[WhiteRD "82"]
[BlackElo "1463"]
[BlackRD "51"]
[GameID "435207"]

1. d4 d5 2. c4 c6 3. Qc2 Be6 4. Nf3 g6 5. e3 Bg7 6. Nbd2 Nf6 7. Bd3 Qc7 8. O-O Nbd7 9. b3 O-O 10. Ba3 Rfe8
11. Ng5 Nf8 12. Ndf3 N6d7 13. Rac1 Qa5 14. Qb2 Qc7 15. Nxe6 fxe6 16. Rfe1 b6 17. Qd2 e5 18. cxd5 cxd5 19. Rxc7
1-0

[Event "Fast Slavian"]
[Site "SchemingMind.com"]
[Date "2018.11.28"]
[Round "-"]
[White "ray winteringham"]
[Black "The Stonewall"]
[Result "0-1"]
[WhiteCountry "ENG"]
[BlackCountry "ENG"]
[WhiteElo "1463"]
[WhiteRD "51"]
[BlackElo "2305"]
[BlackRD "82"]
[GameID "435208"]

1. d4 d5 2. c4 c6 3. c5 e5 4. e3 e4 5. g3 Nf6 6. Bg2 Bf5 7. Ne2 Nbd7 8. b4 Be7 9. Nbc3 O-O 10. Bb2 b6
11. O-O Qc7 12. a4 Rfb8 13. Qd2 a5 14. cxb6 Nxb6 15. b5 Bd7 16. Rfc1 Nc4 17. Qc2 cxb5 18. axb5 Bxb5 19. Nxb5 Rxb5 20. Bc3 Rab8
21. Ra4 Qd7 22. h3 Ba3 23. Ra1 Rb3 24. Nc1 Qxa4 25. Nxb3 Qxb3 26. Qxb3 Rxb3 27. Be1 Kf8 28. h4 Ke7 29. Bf1 Bb4 30. Bxb4+ axb4
31. Ra7+ Ke6 32. Bh3+ Kd6 33. Ra6+ Kc7 34. Kg2 Ra3
0-1

[Event "Fast Slavian"]
[Site "SchemingMind.com"]
[Date "2018.11.28"]
[Round "-"]
[White "The Stonewall"]
[Black "Chessibelle"]
[Result "1-0"]
[WhiteCountry "ENG"]
[BlackCountry "ENG"]
[WhiteElo "2305"]
[WhiteRD "82"]
[BlackElo "1191"]
[BlackRD "61"]
[GameID "435209"]

1. d4 d5 2. c4 c6 3. Qc2 g6 4. Nf3 f5 5. Bf4 Bg7 6. Nbd2 Nf6 7. e3 O-O 8. Bd3 Nbd7 9. Ng5 h6 10. Ne6 Qe8
11. Nxf8 Qxf8 12. Nf3 b6 13. cxd5 Nxd5 14. Qxc6 N5f6 15. Qxa8 e6 16. Rc1 Qb4+ 17. Ke2 Qxb2+ 18. Rc2 Qb4 19. Qxc8+ Kh7 20. Ne5 Ng4
21. Qxd7 Nf6 22. Qxe6 g5 23. Bxf5+ Kh8 24. Nf7+ Kg8 25. Nxh6+ Kh8 26. Rc8+ Ng8 27. Qxg8#
1-0

[Event "Fast Slavian"]
[Site "SchemingMind.com"]
[Date "2018.11.28"]
[Round "-"]
[White "Chessibelle"]
[Black "The Stonewall"]
[Result "0-1"]
[WhiteCountry "ENG"]
[BlackCountry "ENG"]
[WhiteElo "1191"]
[WhiteRD "61"]
[BlackElo "2305"]
[BlackRD "82"]
[GameID "435210"]

1. d4 d5 2. c4 c6 3. e3 Nf6 4. Nf3 e6 5. Be2 Nbd7 6. O-O Bd6 7. g3 O-O 8. b3 Ne4 9. Qd3 f5 10. Nbd2 b6
11. a3 Bb7 12. Ng5 Qxg5 13. b4 c5 14. Qb3 Bxg3 15. Kh1 dxc4 16. Nxc4 Nxf2+ 17. Kg1 Nh3#
0-1

[Event "Fast Slavian"]
[Site "SchemingMind.com"]
[Date "2018.12.02"]
[Round "-"]
[White "The Stonewall"]
[Black "flyinduck"]
[Result "1-0"]
[WhiteCountry "ENG"]
[BlackCountry "CAN"]
[WhiteElo "2305"]
[WhiteRD "82"]
[BlackElo "2000"]
[BlackRD "55"]
[GameID "435211"]

1. d4 d5 2. c4 c6 3. Nf3 e6 4. Bg5 Nf6 5. Nbd2 Be7 6. e3 O-O 7. Bd3 Nbd7 8. O-O h6 9. Bh4 dxc4 10. Nxc4 c5
11. Rc1 b6 12. Qe2 Bb7 13. Bb1 Be4 14. Nfe5 Bxb1 15. Nc6 Qe8 16. Rxb1 Nd5 17. Bxe7
1-0

[Event "Fast Slavian"]
[Site "SchemingMind.com"]
[Date "2018.12.01"]
[Round "-"]
[White "flyinduck"]
[Black "The Stonewall"]
[Result "0-1"]
[WhiteCountry "CAN"]
[BlackCountry "ENG"]
[WhiteElo "1985"]
[WhiteRD "56"]
[BlackElo "2312"]
[BlackRD "83"]
[GameID "435212"]

1. d4 d5 2. c4 c6 3. Nf3 Nf6 4. Nc3 e6 5. Bg5 h6 6. Bh4 dxc4 7. e4 g5 8. Bg3 b5 9. Be2 Bb7 10. O-O Nbd7
11. Ne5 Nxe5 12. Bxe5 Rg8 13. d5 Bd6 14. Bxf6 Qxf6 15. dxc6 Qe5 16. f4 Qc5+ 17. Kh1 Bxc6 18. fxg5 Rxg5 19. Bf3 O-O-O 20. Qe1 Qe5
21. Qh4 b4 22. Nd1 Bb5 23. Ne3 c3 24. Rfc1 Qf4
0-1

[Event "Fast Slavian"]
[Site "SchemingMind.com"]
[Date "2018.12.02"]
[Round "-"]
[White "The Stonewall"]
[Black "willyboy"]
[Result "1/2-1/2"]
[WhiteCountry "ENG"]
[BlackCountry "AUT"]
[WhiteElo "2324"]
[WhiteRD "78"]
[BlackElo "2190"]
[BlackRD "69"]
[GameID "435213"]

1. d4 d5 2. c4 c6 3. Nf3 e6 4. Qc2 Nf6 5. g3 Be7 6. Bg2 b6 7. Nbd2 Bb7 8. O-O O-O 9. e4 Na6 10. a3 c5
11. exd5 exd5 12. dxc5 Nxc5 13. b4 Ne6 14. Bb2 a5 15. b5 dxc4 16. Rad1 Qc7 17. Qxc4 Rfc8 18. Qxc7 Rxc7 19. Ne5 Bxg2 20. Kxg2 Rc2
21. Ndc4 Ng4=
1/2-1/2

[Event "Fast Slavian"]
[Site "SchemingMind.com"]
[Date "2018.11.28"]
[Round "-"]
[White "willyboy"]
[Black "The Stonewall"]
[Result "0-1"]
[WhiteCountry "AUT"]
[BlackCountry "ENG"]
[WhiteElo "2128"]
[WhiteRD "69"]
[BlackElo "2336"]
[BlackRD "81"]
[GameID "435214"]

1. d4 d5 2. c4 c6 3. Nc3 e6 4. Nf3 Nf6 5. e3 a6 6. c5 Nbd7 7. b4 g6 8. Be2 Bg7 9. O-O O-O 10. Rb1 Re8
11. Na4 Ne4 12. Bb2 e5 13. Qc2 Qe7 14. Rbe1 Rb8 15. a3 exd4 16. Nxd4 Ne5 17. f3 Nf6 18. Rf2 Be6 19. Bc3 Rbd8 20. Qb2 Bc8
21. Nb6 Bh6 22. Bf1 Ned7 23. Nc2 Ne5 24. f4 Ned7 25. Nxd7 Nxd7 26. e4 dxe4 27. Bc4 b5 28. Ba2 a5 29. Nd4 axb4 30. axb4 Nb8
31. f5 Rf8 32. fxg6 hxg6
0-1